Cambridgeský technologický klaster a kľúčové piliere jeho úspechu

Cambridgeský technologický klaster ako jeden z najinovatívnejších klastrov sveta. Vznik klastra, jeho rozvoj a štruktúra. Ekosystém klastra "Technopole". Úspech "Technopole" a možnosti jeho ďalšieho rozvoja.

Saved in:
Bibliographic Details
Main Author: Brighton, Denisa
Format: Book Chapter
Language:Slovak
Subjects:
Tags: Add Tag
No Tags, Be the first to tag this record!

MARC

LEADER 00000naa a2200000 4500
001 0143592
005 20220715093601.7
041 0 |a slo 
044 |a SK 
245 1 0 |a Cambridgeský technologický klaster a kľúčové piliere jeho úspechu  |c Denisa Brighton 
520 |a Cambridgeský technologický klaster ako jeden z najinovatívnejších klastrov sveta. Vznik klastra, jeho rozvoj a štruktúra. Ekosystém klastra "Technopole". Úspech "Technopole" a možnosti jeho ďalšieho rozvoja. 
610 2 0 |a klaster 
610 2 0 |a štruktúra organizačná 
610 2 0 |a inovácia 
610 2 0 |a ekonomika znalostná 
610 2 0 |a konkurencieschopnosť 
610 2 0 |a spolupráca vedeckotechnická 
610 2 0 |a kooperácia 
100 1 |a Brighton, Denisa